A guide to english and american literature / (Record no. 30691)
[ view plain ]
| 000 -LEADER | |
|---|---|
| campo de control de longitud fija | 00511nam a2200169 i 4500 |
| 001 - NÚMERO DE CONTROL | |
| campo de control | 30691 |
| 003 - IDENTIFICADOR DE NÚMERO DE CONTROL | |
| campo de control | ES-MaACL |
| 007 - CAMPO FIJO DE DESCRIPCIÓN FÍSICA--INFORMACIÓN GENERAL | |
| campo de control de longitud fija | t| |
| 008 - DATOS DE LONGITUD FIJA--INFORMACIÓN GENERAL | |
| campo de control de longitud fija | 030127s1976 xxk ||||1| eng d |
| 100 1# - ENTRADA PRINCIPAL--NOMBRE DE PERSONA | |
| Nombre de persona | Bateson, Frederick Wilse. |
| 9 (RLIN) | 26417 |
| 245 12 - MENCIÓN DEL TÍTULO | |
| Título | A guide to english and american literature / |
| Mención de responsabilidad, etc. | F.W. Bateson and Harrison T. Meserole. |
| 250 ## - MENCION DE EDICION | |
| Mención de edición | 3rd ed. |
| 260 ## - PUBLICACIÓN, DISTRIBUCIÓN, ETC. | |
| Lugar de publicación, distribución, etc. | London, etc. : |
| Nombre del editor, distribuidor, etc. | Longman, |
| Fecha de publicación, distribución, etc. | [1976] |
| 300 ## - DESCRIPCIÓN FÍSICA | |
| Extensión | 334 p. ; |
| Dimensiones | 22 cm. |
| 700 1# - ENTRADA AGREGADA--NOMBRE PERSONAL | |
| Nombre de persona | Meserole, Harrison T. |
| 9 (RLIN) | 80662 |
| 852 ## - LOCALIZACIÓN | |
| Ubicación | ES-MaACL |
| Número de control de estantería | L-7126 |
| Sublocalización o colección | R.107731 |
| Estatus retirado | Estado de pérdida | Estado de daño | No para préstamo | Biblioteca de origen | Biblioteca actual | Ubicación en estantería | Fecha de adquisición | Fuente de adquisición | Total de préstamos | Signatura topográfica completa | Código de barras | Visto por última vez | Precio de reemplazo | Tipo de ítem Koha |
|---|---|---|---|---|---|---|---|---|---|---|---|---|---|---|
| Biblioteca del Ateneo de Madrid | Biblioteca del Ateneo de Madrid | Depósito 2 | 17/01/2008 | L-7126 | 1031695 | 23/02/2023 | 23/02/2023 | Libro impreso |
